00887 a2200193 45000010006000000050017000060080041000230030015000640400040000790800055001192450030001740200018002042640032002223000019002545050346002731000021006197000030006407000023006705429820260407155814.0260407a1988 arg spa dAR-UNSa-BCEJYS aAR-UNSa-BCEJYSbspacAR-UNSa-BCEJYS a330.32xNueva formación de capital (Inversión)10aLa inversión bursátil a950-9109-71-1 1aBuenos Aires :bTesisc1988 a202 p.c20 cm. a1. Operaciones de Bolsa-caja de valoress - 2. Concepto y función del mercado de capitales - 3. Acciones y obligaciones negociables - 4. La información al público inversor - 5. Estados contables de sociedades con cotización en la bolsa de comercio de Buenos Aires - 6. Análisis bursátil - 7. Técnica de la inversión bursátil1 aMacchi, Julio A.1 aSchamann de Crego, Elvira1 aJelonche, Edgar I.